Evolúcia vo využívaní systémov Business Intelligence v slovenských podnikoch

Teoretické východiská Business Intelligence. Model vývoja systémov BI zameraný na IT technológie. Modely zrelosti systémov Business Intelligence. Kritériá merania úrovne zrelosti podľa BIMM pre oblasť podnikových procesov a výkazníctva. Kritériá merania úrovne zrelosti podľa BIMM pre oblasť informač...

ver descrição completa

Na minha lista:
Detalhes bibliográficos
Autor principal: Romanová, Anita, 1973-
Outros Autores: Hamranová, Anna, 1957-
Formato: Capítulo de Livro
Idioma:eslovaco
Assuntos:
Tags: Adicionar Tag
Sem tags, seja o primeiro a adicionar uma tag!

MARC

LEADER 00000nla a2200000 4500
001 0180730
005 20240502073104.7
041 0 |a slo 
044 |a SK 
245 1 0 |a Evolúcia vo využívaní systémov Business Intelligence v slovenských podnikoch  |c Anita Romanová, Anna Hamranová 
520 |a Teoretické východiská Business Intelligence. Model vývoja systémov BI zameraný na IT technológie. Modely zrelosti systémov Business Intelligence. Kritériá merania úrovne zrelosti podľa BIMM pre oblasť podnikových procesov a výkazníctva. Kritériá merania úrovne zrelosti podľa BIMM pre oblasť informačných technológií. Výsledky skúmania predpokladov a prístupov k systémom BI v slovenských podnikoch. 
610 2 0 |a business intelligence 
610 2 0 |a podnik 
610 2 0 |a informácie 
610 2 0 |a systémy informačné organizácií 
610 2 0 |a evolúcia 
100 1 |a Romanová, Anita, 1973- 
700 1 |a Hamranová, Anna, 1957-